00561cam a22001931 4500001001300000003000400013005001700017008004100034010001700075035001900092040004300111042001200154050005400166110001500220245005300235260004400288300001800332999001700350pa 61000102 DLC20260227111855.0770105s1960 dcu 000 0 eng c apa 61000102  a(OCoLC)2661416 aPan American Union. LibrarycFU-LdDLC apremarc00aLAW 1 aArgentina.00aConstitution of the Republic of Argentina, 1853. aWashington,bPan American Union,c1960. a24 p.c27 cm. c51479d51479